000 00665cam a2200205 i 4500
020 _a0470444975
082 0 0 _a624.1772
_bJOH
_cL-20, p-209
100 1 _aJohnson, R. P.
_942960
245 1 0 _aComposite structures of steel and concrete /
_cR. P. Johnson.
260 _aNew York :
_bWiley,
_c[c1975-
300 _av. :
_bill. ;
_c25 cm.
490 0 _aConstrado monographs
500 _a"A Halsted Press book."
505 1 _av. 1. Beams, columns, frames and applications in building.
526 _a0
_b0
_c0
_d624_177200000000000_JOH
526 _a0
_b0
_c0
_d624_177200000000000_JOH
650 0 _aComposite construction.
650 0 _aMCE
_9379
942 _2ddc
_cBK
999 _c546766
_d546766